[Event "II Open Monte Sabotino"]
[Site "Torino ITA"]
[Date "2012.11.06"]
[Round "1"]
[White "Boetto, Massimo"]
[Black "Fassio, Francesco"]
[WhiteElo "1949"]
[BlackElo "1616"]
[Result "1-0"]
[PlyCount "56"]
[EventDate "2012.11.06"]

1. e4 e5 2. Nf3 Nf6 3. Nxe5 d6 4. Nf3 Nxe4 5. d4 d5 6. Bd3 Be7 7. c4 Nc6 8. O-O
Bg4 9. cxd5 Qxd5 10. Nc3 Nxc3 11. bxc3 O-O 12. c4 Qd7 13. d5 Nd4 14. Bxh7+ Kxh7
15. Qxd4 Qf5 16. Ne5 Bf6 17. Qxg4 Qxe5 18. Rb1 Rab8 19. Rb3 Rh8 20. Re3 Qd6 21.
Rfe1 g6 22. Ba3 Qa6 23. Be7 Bg7 24. c5 Qxa2 25. d6 cxd6 26. cxd6 Bf8 27. Bf6
Bg7 28. Qh4+ Bh6 1-0

[Event "II Open Monte Sabotino"]
[Site "Torino ITA"]
[Date "2012.11.06"]
[Round "1"]
[White "Coqueraut, Lodewyk"]
[Black "Barbonese, Roberto"]
[WhiteElo "1818"]
[BlackElo "1299"]
[Result "1-0"]
[PlyCount "85"]
[EventDate "2012.11.06"]

1. d4 d5 2. c4 dxc4 3. Nc3 e6 4. e4 Nd7 5. Bxc4 Ngf6 6. Nf3 Bb4 7. Qe2 Nb6 8.
Bb3 O-O 9. O-O Bd7 10. Rd1 Bc6 11. e5 Nfd5 12. Ne4 a6 13. a4 Qd7 14. a5 Bb5 15.
Qc2 Nc8 16. Neg5 g6 17. h4 Nce7 18. Ne4 Qc6 19. g4 Qxc2 20. Bxc2 Be2 21. Ned2
Bxd1 22. Bxd1 Nc6 23. Nc4 f6 24. Bh6 Rf7 25. Bb3 fxe5 26. Ncxe5 Nxe5 27. Nxe5
Rf6 28. Bg5 Rff8 29. Nd3 Rf3 30. Nxb4 Rxb3 31. Nxd5 exd5 32. Rc1 c6 33. Rc2 Re8
34. h5 Re4 35. f4 Rxd4 36. hxg6 hxg6 37. Kf2 Rb5 38. Ke3 Re4+ 39. Kf3 Rxa5 40.
Rh2 Rb5 41. Bf6 Rb3+ 42. Bc3 b5 43. Rh8+ 1-0

[Event "II Open Monte Sabotino"]
[Site "Torino ITA"]
[Date "2012.11.06"]
[Round "1"]
[White "Di Chiara, Mauro"]
[Black "Blundo, Michele"]
[WhiteElo "1958"]
[BlackElo "1705"]
[Result "1/2-1/2"]
[PlyCount "97"]
[EventDate "2012.11.06"]

1. d4 d5 2. Nf3 Nf6 3. c4 c6 4. g3 e6 5. Bg2 Be7 6. O-O O-O 7. Nbd2 Nbd7 8. Qc2
Re8 9. e4 dxe4 10. Nxe4 Nxe4 11. Qxe4 Bf6 12. Bf4 Qe7 13. Rad1 e5 14. Nxe5 Nxe5
15. dxe5 Bg5 16. Bxg5 Qxg5 17. f4 Qe7 18. Qd4 Bf5 19. Qd6 Kf8 20. Qxe7+ Rxe7
21. Rd6 h5 22. Bf3 g6 23. Rfd1 Ke8 24. Rxc6 Bg4 25. Bxg4 bxc6 26. Bf3 Rc8 27.
Rd6 Re6 28. c5 Rxd6 29. exd6 f5 30. Kf2 Rb8 31. Bxc6+ Kd8 32. b3 Rc8 33. Bd5
Rxc5 34. Bf7 Kd7 35. Bxg6 Kxd6 36. h4 Ke6 37. Bxh5 Rc2+ 38. Be2 Rxa2 39. Kf3
Kf6 40. Bc4 a5 41. g4 fxg4+ 42. Kxg4 Ra3 43. h5 Ra1 44. Bd3 Rd1 45. Be4 Ra1 46.
h6 Rg1+ 47. Kf3 Rc1 48. Ke3 Re1+ 49. Kd3 1/2-1/2

[Event "II Open Monte Sabotino"]
[Site "Torino ITA"]
[Date "2012.11.06"]
[Round "1"]
[White "Doromeychuk, Anton"]
[Black "Gromovs, Sergejs"]
[WhiteElo "1775"]
[BlackElo "2215"]
[Result "1-0"]
[PlyCount "73"]
[EventDate "2012.11.06"]

1. e4 e5 2. Nf3 f5 3. Nxe5 Qf6 4. d4 d6 5. Nf3 fxe4 6. Qe2 d5 7. Ne5 Bd6 8. f4
exf3 9. Nxf3+ Ne7 10. Bg5 Qf7 11. Nc3 c6 12. O-O-O O-O 13. Ne5 Qe6 14. Qh5 Bxe5
15. dxe5 Qxe5 16. Bd3 h6 17. Rhe1 Qxg5+ 18. Qxg5 hxg5 19. Rxe7 Nd7 20. h4 Nc5
21. Bg6 Bf5 22. Bxf5 Rxf5 23. b4 d4 24. g4 Rf7 25. Rxf7 Kxf7 26. Rf1+ Kg8 27.
bxc5 dxc3 28. hxg5 Rf8 29. Rf5 g6 30. Rxf8+ Kxf8 31. Kd1 Ke7 32. Ke2 Ke6 33.
Ke3 Kf7 34. Kd4 Kg7 35. Kxc3 Kg8 36. Kd4 Kh7 37. Ke5 1-0

[Event "II Open Monte Sabotino"]
[Site "Torino ITA"]
[Date "2012.11.06"]
[Round "1"]
[White "Levi, Aldo"]
[Black "Gussone, Claudio"]
[WhiteElo "1424"]
[BlackElo "1821"]
[Result "0-1"]
[PlyCount "44"]
[EventDate "2012.11.06"]

1. e4 d6 2. d4 Nf6 3. Nc3 g6 4. h3 Bg7 5. Nf3 c6 6. Be2 Nbd7 7. O-O e5 8. d5
Nc5 9. Bg5 Qc7 10. dxc6 bxc6 11. Bxf6 Bxf6 12. b4 Ne6 13. Rb1 a6 14. a4 Bb7 15.
b5 O-O 16. bxc6 Bxc6 17. Nd5 Bxd5 18. exd5 Nf4 19. Nh2 Bg7 20. Bf3 f5 21. Be2
Qe7 22. Re1 Qg5 0-1

[Event "II Open Monte Sabotino"]
[Site "Torino ITA"]
[Date "2012.11.06"]
[Round "1"]
[White "Liviabella, Lucio"]
[Black "Malano, Francesco"]
[WhiteElo "1570"]
[BlackElo "1896"]
[Result "0-1"]
[PlyCount "66"]
[EventDate "2012.11.06"]

1. e4 d6 2. Bc4 Nf6 3. Nc3 Nbd7 4. Nf3 e5 5. Ng5 d5 6. Nxd5 Nxd5 7. Nxf7 Kxf7
8. Bxd5+ Ke8 9. d3 c6 10. Bb3 Bc5 11. O-O Nf6 12. Bg5 Qd6 13. Kh1 h6 14. Bh4 g5
15. Bg3 Be6 16. c4 Kd7 17. h4 Rag8 18. Bc2 Bd4 19. Rb1 Ng4 20. Qd2 Qe7 21. f3
Ne3 22. Rfe1 gxh4 23. Bxe5 Rxg2 24. Re2 Rxe2 25. Qxe2 Bxe5 26. Qxe3 Qd6 27.
Qxa7 Kc7 28. Qa5+ Kb8 29. b3 Bd4 30. Qd2 Rf8 31. Qg2 Rg8 32. Qh2 Rg3 33. Qd2
Rh3+ 0-1

[Event "II Open Monte Sabotino"]
[Site "Torino ITA"]
[Date "2012.11.06"]
[Round "1"]
[White "Manni, Stefano"]
[Black "Martini, Giorgio"]
[WhiteElo "2044"]
[BlackElo "1728"]
[Result "1-0"]
[PlyCount "79"]
[EventDate "2012.11.06"]

1. d4 d5 2. Nf3 Nf6 3. e3 Bf5 4. Bd3 Bxd3 5. Qxd3 c6 6. Nc3 Nbd7 7. e4 dxe4 8.
Nxe4 Nxe4 9. Qxe4 Nf6 10. Qd3 e6 11. Bg5 Qa5+ 12. Bd2 Bb4 13. c3 Be7 14. Ne5
O-O 15. b4 Qd5 16. O-O Qe4 17. Qh3 h6 18. Rac1 Bd6 19. Rfe1 Qh7 20. c4 Rad8 21.
Bc3 Ne4 22. Qd3 Nxc3 23. Qxc3 Bxe5 24. Rxe5 Rd7 25. Rce1 Qg6 26. h3 Rfd8 27.
R1e4 b6 28. Qe3 Qf6 29. a4 Qe7 30. b5 Rc7 31. d5 cxd5 32. cxd5 Rdc8 33. dxe6
fxe6 34. Rxe6 Rc1+ 35. Kh2 Qc7+ 36. g3 Rc4 37. Re7 Qc5 38. Rxc4 Qxc4 39. Qe5
Qc3 40. Re8+ 1-0

[Event "II Open Monte Sabotino"]
[Site "Torino ITA"]
[Date "2012.11.06"]
[Round "1"]
[White "Tondo, Stefano"]
[Black "Cacinschi, Alexandru"]
[WhiteElo "1715"]
[BlackElo "2011"]
[Result "1-0"]
[PlyCount "69"]
[EventDate "2012.11.06"]

1. b3 e5 2. Bb2 d6 3. e3 f5 4. Nf3 Nf6 5. Be2 Be7 6. d4 e4 7. Nfd2 d5 8. c4 c6
9. O-O O-O 10. Nc3 Bd6 11. c5 Bc7 12. b4 f4 13. b5 Ne8 14. exf4 Bxf4 15. Ncxe4
dxe4 16. Qb3+ Kh8 17. Nxe4 Bxh2+ 18. Kxh2 Qh4+ 19. Kg1 Qxe4 20. Rae1 Qg6 21.
Bd3 Qh6 22. Qf7 Qf6 23. Qxe8 Bd7 24. Qe7 cxb5 25. d5 Qf7 26. Bf5 Kg8 27. Bxh7+
Kxh7 28. Qh4+ Kg8 29. Re7 Qg6 30. Rxg7+ Qxg7 31. Bxg7 Kxg7 32. Qg5+ Kf7 33. Re1
Re8 34. Qh5+ Kf8 35. Qh8+ 1-0

[Event "II Open Monte Sabotino"]
[Site "Torino ITA"]
[Date "2012.11.06"]
[Round "1"]
[White "Vittoria, Giuseppe"]
[Black "Manunta, Andrea"]
[WhiteElo "1634"]
[BlackElo "1951"]
[Result "0-1"]
[PlyCount "46"]
[EventDate "2012.11.06"]

1. e4 e6 2. d4 d5 3. Nc3 Bb4 4. exd5 exd5 5. Be2 Nf6 6. Bg5 O-O 7. Nf3 Bf5 8.
O-O c6 9. a3 Be7 10. Ne5 Nbd7 11. Bd3 Bxd3 12. Nxd3 Qc7 13. Qf3 Bd6 14. Bf4
Bxf4 15. Nxf4 Qb6 16. Qd3 Rfe8 17. b4 Qc7 18. Qf3 Nb6 19. Rfd1 Nc4 20. b5 Re7
21. a4 Rae8 22. Nh3 Qa5 23. Rab1 Nd2 0-1

[Event "II Open Monte Sabotino"]
[Site "Torino ITA"]
[Date "2012.11.13"]
[Round "2"]
[White "Barbonese, Roberto"]
[Black "Castelli, Giovanni J."]
[WhiteElo "1299"]
[BlackElo "1800"]
[Result "0-1"]
[PlyCount "40"]
[EventDate "2012.11.06"]

1. d4 Nf6 2. e3 b6 3. b3 Bb7 4. Bb2 e6 5. Bd3 Bxg2 6. Nd2 Bxh1 7. f3 Nh5 8. Nh3
Qh4+ 9. Nf2 Qxh2 10. Qe2 Ng3 11. Nf1 Nxf1 12. O-O-O Ng3 13. Qd2 Bxf3 14. Re1 d5
15. c4 Bb4 16. Bc3 Bxc3 17. Qxc3 Qxf2 18. cxd5 Bxd5 19. Kb1 Ne4 20. Qc1 Qd2 0-1

[Event "II Open Monte Sabotino"]
[Site "Torino ITA"]
[Date "2012.11.13"]
[Round "2"]
[White "Blundo, Michele"]
[Black "Tondo, Stefano"]
[WhiteElo "1705"]
[BlackElo "1715"]
[Result "0-1"]
[PlyCount "77"]
[EventDate "2012.11.06"]

1. d4 d5 2. c4 e5 3. dxe5 d4 4. e3 Nc6 5. exd4 Bb4+ 6. Bd2 Qxd4 7. Bc3 Qxd1+ 8.
Kxd1 Bf5 9. Nf3 O-O-O+ 10. Nbd2 Bxc3 11. bxc3 h6 12. Ke1 Re8 13. Nd4 Rxe5+ 14.
Kd1 Bd7 15. N2f3 Ra5 16. Bd3 Nf6 17. h3 Re8 18. Re1 Rxe1+ 19. Kxe1 Ra3 20. Kd2
Nh5 21. Nc2 Ra4 22. a3 Nf4 23. Bf1 Ra5 24. Nfd4 Re5 25. Re1 Rxe1 26. Nxe1 Ne5
27. Ke3 g5 28. g4 h5 29. f3 h4 30. Ke4 f6 31. Ke3 c5 32. Nb5 Bc6 33. Nd6+ Kd7
34. Nf5 Ba4 35. Nxh4 Bb3 36. Ke4 Bxc4 37. Bxc4 Nxc4 38. Kf5 Nd5 39. Ng6 0-1

[Event "II Open Monte Sabotino"]
[Site "Torino ITA"]
[Date "2012.11.13"]
[Round "2"]
[White "Cacinschi, Alexandru"]
[Black "Vittoria, Giuseppe"]
[WhiteElo "2011"]
[BlackElo "1634"]
[Result "1-0"]
[PlyCount "69"]
[EventDate "2012.11.06"]

1. d4 Nf6 2. Nf3 d5 3. c4 e6 4. e3 Be7 5. Nc3 c6 6. Qc2 O-O 7. Bd3 Nbd7 8. g4
dxc4 9. Bxc4 Nxg4 10. Rg1 Ngf6 11. e4 g6 12. Bg5 Nh5 13. O-O-O Bxg5+ 14. Nxg5
Ndf6 15. Qe2 a6 16. e5 Nd5 17. Nge4 Kh8 18. Bxd5 exd5 19. Nd6 Qe7 20. Na4 b5
21. Nb6 Rb8 22. Nbxc8 Rbxc8 23. Nxc8 Rxc8 24. Qg4 Re8 25. Kb1 Ng7 26. Rc1 Qc7
27. Rc3 Re6 28. Rgc1 Nf5 29. f4 Ng7 30. Qf3 Nh5 31. Qxd5 cxd5 32. Rxc7 Kg7 33.
Rd7 Nxf4 34. Rcc7 Kh6 35. Rxf7 1-0

[Event "II Open Monte Sabotino"]
[Site "Torino ITA"]
[Date "2012.11.13"]
[Round "2"]
[White "Fassio, Francesco"]
[Black "Paoli, Mario"]
[WhiteElo "1616"]
[BlackElo "1834"]
[Result "0-1"]
[PlyCount "114"]
[EventDate "2012.11.06"]

1. c4 g6 2. Nc3 Bg7 3. g3 c6 4. Bg2 Nf6 5. Nf3 d6 6. O-O O-O 7. d3 Nbd7 8. Bd2
e5 9. Qc1 Nc5 10. Bh6 Bg4 11. Bxg7 Kxg7 12. h3 Bd7 13. Nd2 Qc8 14. Kh2 Ne6 15.
Nde4 Ne8 16. Ng5 f5 17. Nxe6+ Bxe6 18. f4 Nf6 19. b3 Qc7 20. Qe3 a6 21. c5 Nd7
22. cxd6 Qxd6 23. Qc1 Qd4 24. fxe5 Qxe5 25. Qd2 Nf6 26. Rf2 Nh5 27. Rf3 Rae8
28. Re3 Qc7 29. Rf3 b5 30. Qb2 Qe5 31. d4 Qxd4 32. Rd3 Qe5 33. b4 Rd8 34. Rad1
Bd5 35. Qd2 f4 36. Nxd5 fxg3+ 37. Kg1 cxd5 38. Re3 Qf6 39. Rf1 Nf4 40. Rxg3 g5
41. h4 h6 42. hxg5 hxg5 43. Rff3 Qe5 44. Rf2 Rd6 45. Bf3 Nxe2+ 46. Qxe2 Qxg3+
47. Rg2 Qf4 48. Qe7+ Rf7 49. Rxg5+ Qxg5+ 50. Qxg5+ Rg6 51. Qxg6+ Kxg6 52. Kf2
Kg5 53. Ke2 Kf4 54. Bh5 Rh7 55. Bg6 Rh3 56. Bb1 Rc3 57. Kd2 Rc4 0-1

[Event "II Open Monte Sabotino"]
[Site "Torino ITA"]
[Date "2012.11.13"]
[Round "2"]
[White "Femia, Nicola"]
[Black "Liviabella, Lucio"]
[WhiteElo "1826"]
[BlackElo "1570"]
[Result "1-0"]
[PlyCount "60"]
[EventDate "2012.11.06"]

1. d4 b6 2. e4 Bb7 3. Bd3 g6 4. c4 Bg7 5. Nf3 d6 6. O-O Nf6 7. Nc3 O-O 8. h3
Nbd7 9. Bf4 Nh5 10. Bh2 c5 11. d5 Bc8 12. Re1 Re8 13. e5 dxe5 14. Nxe5 Nxe5 15.
Bxe5 Nf6 16. Nb5 Nd7 17. Bc7 a6 18. Bxd8 axb5 19. Bc7 bxc4 20. Bxc4 Ra7 21. Bg3
Bf6 22. Bb5 Bd4 23. Bxd7 Rxd7 24. Be5 Rxd5 25. Bxd4 Rxd4 26. Qb3 Red8 27. Qxb6
R4d5 28. Rf1 e6 29. Rac1 R8d6 30. Qb8 Rc6 1-0

[Event "II Open Monte Sabotino"]
[Site "Torino ITA"]
[Date "2012.11.13"]
[Round "2"]
[White "Gromovs, Sergejs"]
[Black "Di Chiara, Mauro"]
[WhiteElo "2215"]
[BlackElo "1958"]
[Result "0-1"]
[PlyCount "76"]
[EventDate "2012.11.06"]

1. e4 e5 2. Nf3 Nf6 3. Bc4 Bc5 4. Nxe5 O-O 5. d4 Bb6 6. Nc3 d6 7. Nf3 Nxe4 8.
Nxe4 d5 9. Bxd5 Qxd5 10. Nc3 Qh5 11. Be3 Bg4 12. Qe2 Nc6 13. O-O-O Rfe8 14. Qc4
Rad8 15. h3 Bxf3 16. gxf3 Qxf3 17. Rhg1 Rxe3 18. fxe3 Qxe3+ 19. Kb1 Rxd4 20.
Rxd4 Nxd4 21. Rf1 Ne6 22. Qb5 c6 23. Qf5 f6 24. Ne4 Nf8 25. h4 Bd4 26. h5 h6
27. Nd6 Qe7 28. Ne4 Be5 29. Rg1 Kh8 30. c3 Qd8 31. Qg4 Qd3+ 32. Kc1 Qd7 33.
Qxd7 Nxd7 34. Rd1 Nb6 35. Nc5 Nd5 36. Nxb7 f5 37. Nd8 Ne7 38. Nxc6 Nxc6 0-1

[Event "II Open Monte Sabotino"]
[Site "Torino ITA"]
[Date "2012.10.13"]
[Round "2"]
[White "Gussone, Claudio"]
[Black "Manni, Stefano"]
[WhiteElo "1821"]
[BlackElo "2044"]
[Result "0-1"]
[PlyCount "84"]
[EventDate "2012.11.06"]

1. Nf3 d5 2. g3 Bg4 3. Bg2 Nd7 4. d4 e6 5. c4 c6 6. c5 e5 7. b4 a5 8. Nxe5 Nxe5
9. dxe5 axb4 10. Qd4 Bf5 11. Qxb4 Qa5 12. Bd2 Qxb4 13. Bxb4 b6 14. Nd2 Ra4 15.
Bc3 Bxc5 16. O-O Ne7 17. Nb3 O-O 18. Rfe1 Rfa8 19. Nxc5 bxc5 20. e3 Rxa2 21.
Rxa2 Rxa2 22. Ra1 Rxa1+ 23. Bxa1 Bd3 24. Bf1 c4 25. Bd4 Nf5 26. Bxd3 cxd3 27.
Kf1 Kf8 28. Ke1 Ke7 29. Kd2 g5 30. Kxd3 g4 31. Ke2 Ke6 32. f4 Ng7 33. Kd3 Kf5
34. Bb6 Ne6 35. Bd4 c5 36. Bc3 c4+ 37. Ke2 Ke4 38. Kd2 Ng7 39. Ke2 Nf5 40. Bd2
h5 41. Bc1 c3 42. Kd1 Kd3 0-1

[Event "II Open Monte Sabotino"]
[Site "Torino ITA"]
[Date "2012.11.13"]
[Round "2"]
[White "Malano, Francesco"]
[Black "Doromeychuk, Anton"]
[WhiteElo "1896"]
[BlackElo "1775"]
[Result "1-0"]
[PlyCount "83"]
[EventDate "2012.11.06"]

1. b3 e5 2. Bb2 Nc6 3. e3 Nf6 4. d4 d6 5. c4 exd4 6. exd4 d5 7. c5 Bf5 8. a3
Be7 9. Nf3 O-O 10. Be2 Na5 11. Nbd2 b6 12. b4 Nb7 13. Ne5 a6 14. Nc6 Qe8 15.
Nxe7+ Qxe7 16. O-O Nd8 17. Re1 Ne6 18. Nf3 bxc5 19. bxc5 c6 20. Bc3 a5 21. Nh4
Be4 22. f3 Bg6 23. Nxg6 hxg6 24. Bd3 Qc7 25. Bxg6 fxg6 26. Rxe6 Kf7 27. Re1 Rh8
28. g3 Rh3 29. Ra2 Rah8 30. Re5 Nh5 31. Be1 Nf6 32. Rae2 Qb7 33. Bxa5 Qa6 34.
Qe1 Qd3 35. Re7+ Kg8 36. Rd2 Qxa3 37. Qe6+ Kh7 38. Qxh3+ Nh5 39. g4 Qxa5 40.
Rde2 Qa1+ 41. Kg2 Qxd4 42. gxh5 1-0

[Event "II Open Monte Sabotino"]
[Site "Torino ITA"]
[Date "2012.10.13"]
[Round "2"]
[White "Manunta, Andrea"]
[Black "Coqueraut, Lodewyk"]
[WhiteElo "1951"]
[BlackElo "1818"]
[Result "1-0"]
[PlyCount "119"]
[EventDate "2012.11.06"]

1. d4 Nf6 2. c4 g6 3. Nc3 Bg7 4. e4 d6 5. h3 O-O 6. Bg5 e5 7. dxe5 dxe5 8. Qxd8
Rxd8 9. Nd5 Rxd5 10. exd5 Ne4 11. Be3 f5 12. Bd3 Nd6 13. O-O-O f4 14. Bc5 b6
15. Bxd6 cxd6 16. Nf3 Nd7 17. Ng5 Nc5 18. Bc2 Bd7 19. h4 Rc8 20. Kb1 Bg4 21. f3
Bd7 22. h5 Bf5 23. hxg6 Bxc2+ 24. Kxc2 hxg6 25. b4 Nd7 26. Kb3 Nf6 27. Rc1 a6
28. a3 Bf8 29. Rc3 Be7 30. Ne4 Nd7 31. Rcc1 Kg7 32. Rh3 b5 33. Rch1 bxc4+ 34.
Kc2 Nf8 35. Rh8 Rc7 36. Kc3 Rc8 37. R1h7+ Nxh7 38. Rxc8 Nf6 39. Nxf6 Kxf6 40.
Ra8 e4 41. fxe4 Ke5 42. Re8 Kf6 43. Kxc4 g5 44. Kd3 Kf7 45. Ra8 g4 46. Rh8 Kg7
47. Rh1 Bf6 48. a4 Kg6 49. b5 axb5 50. axb5 Bd8 51. Rh8 Bb6 52. Rc8 Kg5 53. Ke2
Be3 54. Rb8 Kh4 55. b6 Kg3 56. Kf1 f3 57. gxf3 Kxf3 58. Rf8+ Kxe4 59. b7 Ba7
60. Ra8 1-0

[Event "II Open Monte Sabotino"]
[Site "Torino ITA"]
[Date "2012.11.13"]
[Round "2"]
[White "Martini, Giorgio"]
[Black "Levi, Aldo"]
[WhiteElo "1728"]
[BlackElo "1424"]
[Result "1-0"]
[PlyCount "27"]
[EventDate "2012.11.06"]

1. d4 d5 2. c4 dxc4 3. e4 Nc6 4. Nf3 Bg4 5. Be3 e6 6. Bxc4 Nf6 7. d5 Bb4+ 8.
Nc3 Ne5 9. Qa4+ Ned7 10. Qxb4 a5 11. Qa3 Nb6 12. Bxb6 cxb6 13. Bb5+ Nd7 14. Ne5
1-0

[Event "II Open Monte Sabotino"]
[Site "Torino ITA"]
[Date "2012.11.20"]
[Round "3"]
[White "Boetto, Massimo"]
[Black "Di Chiara, Mauro"]
[WhiteElo "1949"]
[BlackElo "1958"]
[Result "1-0"]
[PlyCount "71"]
[EventDate "2012.11.06"]

1. e4 d6 2. d4 Nf6 3. Nc3 g6 4. f4 Bg7 5. Nf3 O-O 6. Bd3 Nc6 7. e5 Ng4 8. h3
dxe5 9. hxg4 exd4 10. Ne4 Bxg4 11. Nf2 Bxf3 12. Qxf3 e5 13. Bd2 exf4 14. O-O-O
Ne5 15. Qh3 Nxd3+ 16. Nxd3 h6 17. Bxf4 g5 18. Be5 Qe8 19. g4 Qe6 20. Bxg7 Kxg7
21. Rde1 Qd6 22. Re5 Rh8 23. Rhe1 b6 24. Qh2 Rae8 25. Qg2 Rxe5 26. Rxe5 c5 27.
Qe4 Rd8 28. Nf2 c4 29. Nh1 d3 30. Ng3 Kf8 31. Nf5 d2+ 32. Kd1 Qb4 33. Rb5 Qxb5
34. Qe7+ Kg8 35. Qxd8+ Kh7 36. Qf6 1-0

[Event "II Open Monte Sabotino"]
[Site "Torino ITA"]
[Date "2012.11.20"]
[Round "3"]
[White "Castelli, Giovanni J."]
[Black "Femia, Nicola"]
[WhiteElo "1800"]
[BlackElo "1826"]
[Result "0-1"]
[PlyCount "73"]
[EventDate "2012.11.06"]

1. e4 c5 2. Nf3 Nc6 3. d4 cxd4 4. Nxd4 d6 5. Nc3 a6 6. Be2 Nf6 7. O-O e5 8. Nb3
Be7 9. Bg5 Be6 10. Bxf6 Bxf6 11. Nd5 Bxd5 12. Qxd5 O-O 13. c3 Qc7 14. Rfd1 Rfd8
15. Nd2 b5 16. a4 Ne7 17. Qb3 bxa4 18. Rxa4 Rdb8 19. Qa2 a5 20. Nc4 Qb7 21.
Nxd6 Qxb2 22. Qxf7+ Kh8 23. Bc4 Rf8 24. Qe6 h6 25. Qh3 Qc2 26. Raa1 Rfb8 27.
Qd3 Qb2 28. Ra2 Qb6 29. Rxa5 Bh4 30. Nf7+ Kh7 31. g3 Bf6 32. Rb5 Qc6 33. Nxe5
Bxe5 34. Rxe5 Qf6 35. Re6 Qxf2+ 36. Kh1 Rb2 37. e5+ 0-1

[Event "II Open Monte Sabotino"]
[Site "Torino ITA"]
[Date "2012.11.20"]
[Round "3"]
[White "Coqueraut, Lodewyk"]
[Black "Cacinschi, Alexandru"]
[WhiteElo "1818"]
[BlackElo "2011"]
[Result "0-1"]
[PlyCount "64"]
[EventDate "2012.11.06"]

1. Nf3 Nf6 2. c4 e6 3. e3 c5 4. Nc3 Nc6 5. d4 cxd4 6. exd4 d5 7. c5 b6 8. Bb5
Bd7 9. Bxc6 Bxc6 10. Ne5 Qc7 11. Nxc6 Qxc6 12. Qa4 Qxa4 13. Nxa4 bxc5 14. Nxc5
Nd7 15. Be3 Nxc5 16. dxc5 e5 17. b4 a5 18. Bd2 axb4 19. Bxb4 Kd7 20. O-O Kc6
21. Rfc1 Be7 22. Kf1 Rhb8 23. a3 Rb5 24. Rab1 d4 25. Ke2 f5 26. f3 e4 27. fxe4
fxe4 28. Rf1 Rf8 29. Rxf8 Bxf8 30. Rf1 Bxc5 31. Rc1 Kd5 32. Bxc5 Rxc5 0-1

[Event "II Open Monte Sabotino"]
[Site "Torino ITA"]
[Date "2012.11.20"]
[Round "3"]
[White "Doromeychuk, Anton"]
[Black "Gussone, Claudio"]
[WhiteElo "1775"]
[BlackElo "1821"]
[Result "1-0"]
[PlyCount "85"]
[EventDate "2012.11.06"]

1. d4 f5 2. c4 Nf6 3. Nc3 e6 4. g3 Bb4 5. Nf3 b6 6. Bg2 Bb7 7. O-O Bxc3 8. bxc3
d6 9. Bg5 Nbd7 10. d5 e5 11. Qc2 g6 12. Nd2 O-O 13. e4 fxe4 14. Nxe4 Qe8 15.
Bh6 Rf7 16. Ng5 Re7 17. Bh3 Nf8 18. f4 e4 19. Bxf8 Qxf8 20. Be6+ Kh8 21. Rae1
Bc8 22. f5 gxf5 23. Rxf5 Qh6 24. Ref1 Bxe6 25. dxe6 Qg6 26. Nf7+ Kg7 27. Rg5
Rxe6 28. Rxg6+ Kxg6 29. g4 Kxf7 30. g5 Rg8 31. h4 Ke7 32. Rxf6 Rxf6 33. Qxe4+
Kf7 34. Qxh7+ Rg7 35. Qh5+ Ke7 36. Qh8 Rff7 37. Qc8 c5 38. Qg4 Rg6 39. h5 Re6
40. g6 Re1+ 41. Kg2 Rff1 42. Qg5+ Ke8 43. Qd5 1-0

[Event "II Open Monte Sabotino"]
[Site "Torino ITA"]
[Date "2012.11.20"]
[Round "3"]
[White "Levi, Aldo"]
[Black "Fassio, Francesco"]
[WhiteElo "1424"]
[BlackElo "1616"]
[Result "0-1"]
[PlyCount "48"]
[EventDate "2012.11.06"]

1. e4 d5 2. exd5 Nf6 3. Nc3 Nxd5 4. Nxd5 Qxd5 5. Nf3 e5 6. Qe2 Nc6 7. d3 Be7 8.
Qe4 Be6 9. Be2 O-O 10. O-O Rad8 11. c4 Qxe4 12. dxe4 Nd4 13. Bd3 Nxf3+ 14. gxf3
Rxd3 15. Be3 c5 16. b3 b6 17. Rfe1 f5 18. exf5 Bxf5 19. Rac1 Bf6 20. Re2 e4 21.
fxe4 Bxe4 22. f3 Bg6 23. Rce1 Bh5 24. Rf1 Re8 0-1

[Event "II Open Monte Sabotino"]
[Site "Torino ITA"]
[Date "2012.11.20"]
[Round "3"]
[White "Liviabella, Lucio"]
[Black "Gromovs, Sergejs"]
[WhiteElo "1570"]
[BlackElo "2215"]
[Result "1-0"]
[PlyCount "61"]
[EventDate "2012.11.06"]

1. e4 e5 2. Bc4 Nf6 3. Qe2 Bc5 4. Bxf7+ Kxf7 5. Qc4+ d5 6. Qxc5 Nxe4 7. Qe3 Nc6
8. Nf3 Rf8 9. O-O Bg4 10. d3 Bxf3 11. Qxf3+ Kg8 12. Qh3 Nf6 13. Bg5 Nd4 14. Na3
h6 15. Be3 Ne2+ 16. Kh1 Qd7 17. Qxd7 Nxd7 18. Rae1 Nf4 19. Nb5 c6 20. Bxf4 Rxf4
21. Nc3 b5 22. Ne2 Rf7 23. f4 Raf8 24. g3 g5 25. Kg2 gxf4 26. gxf4 a6 27. fxe5
Nxe5 28. Rxf7 Rxf7 29. Ng3 Ng6 30. Kh1 c5 31. Re6 1-0

[Event "II Open Monte Sabotino"]
[Site "Torino ITA"]
[Date "2012.11.20"]
[Round "3"]
[White "Manni, Stefano"]
[Black "Malano, Francesco"]
[WhiteElo "2044"]
[BlackElo "1896"]
[Result "1-0"]
[PlyCount "79"]
[EventDate "2012.11.06"]

1. e4 c5 2. c3 d6 3. d4 Nf6 4. dxc5 Nc6 5. cxd6 Nxe4 6. dxe7 Qxd1+ 7. Kxd1
Nxf2+ 8. Ke1 Nxh1 9. exf8=Q+ Kxf8 10. Nf3 Bf5 11. Bc4 Na5 12. Be2 Re8 13. Kf1
h6 14. Bf4 g5 15. Bd6+ Kg7 16. Nd4 Bg6 17. Nd2 Re3 18. b4 Nc6 19. Nxc6 bxc6 20.
Bc5 Re6 21. Bc4 Rf6+ 22. Kg1 Rd8 23. Nb3 Rf4 24. Nd4 Nf2 25. g3 Rf6 26. Be7
Nh3+ 27. Kg2 Rf2+ 28. Kxh3 Be4 29. Bxd8 Bg2+ 30. Kg4 Rd2 31. Re1 Kg6 32. Bxf7+
Kxf7 33. Re2 Rxe2 34. Nxe2 Kg6 35. Bxg5 hxg5 36. h4 gxh4 37. gxh4 Kf6 38. Kf4
Ke6 39. h5 Kd5 40. h6 1-0

[Event "II Open Monte Sabotino"]
[Site "Torino ITA"]
[Date "2012.11.20"]
[Round "3"]
[White "Paoli, Mario"]
[Black "Martini, Giorgio"]
[WhiteElo "1834"]
[BlackElo "1728"]
[Result "0-1"]
[PlyCount "98"]
[EventDate "2012.11.06"]

1. d4 d5 2. c4 dxc4 3. Nc3 e6 4. a4 e5 5. e3 exd4 6. exd4 Nf6 7. Bxc4 Bd6 8.
Nf3 O-O 9. O-O Nc6 10. Bg5 h6 11. Bh4 Bg4 12. Nd5 Be7 13. Nxe7+ Qxe7 14. Re1
Qd6 15. Bg3 Qb4 16. b3 Rad8 17. d5 Rd7 18. h3 Be6 19. Ne5 Nxe5 20. Rxe5 Rfd8
21. Qe1 Qxe1+ 22. Raxe1 Bxd5 23. Re7 Bxc4 24. bxc4 Kf8 25. R7e3 c6 26. c5 Nd5
27. Rb3 a5 28. Bd6+ Kg8 29. Reb1 Nb4 30. Rg3 Re8 31. Rbb3 f6 32. h4 Re1+ 33.
Kh2 Ra1 34. Ra3 Rxa3 35. Rxa3 Nd5 36. Kg3 Nb6 37. Bf4 Nc4 38. Rb3 Ne5 39. Be3
g5 40. hxg5 hxg5 41. f4 gxf4+ 42. Kxf4 Kf7 43. g4 Ng6+ 44. Kf3 Ke6 45. Bf2 Ne5+
46. Kf4 Nd3+ 47. Kf3 Nxf2 48. Kxf2 Rd4 49. Rxb7 Rxg4 0-1

[Event "II Open Monte Sabotino"]
[Site "Torino ITA"]
[Date "2012.11.20"]
[Round "3"]
[White "Tondo, Stefano"]
[Black "Manunta, Andrea"]
[WhiteElo "1715"]
[BlackElo "1951"]
[Result "0-1"]
[PlyCount "78"]
[EventDate "2012.11.06"]

1. b3 d5 2. Bb2 c5 3. e3 Nc6 4. Bb5 Bd7 5. Nf3 e6 6. c4 Nf6 7. Bxc6 Bxc6 8. Ne5
Bd6 9. O-O O-O 10. d3 Qe7 11. Nd2 Rad8 12. f4 Bb8 13. Qe2 Nd7 14. Nxc6 bxc6 15.
e4 d4 16. e5 f5 17. Rf3 Qf7 18. Rg3 Bc7 19. Nf3 h6 20. Nh4 Kh7 21. Rg6 Rfe8 22.
Qh5 Re7 23. Qe2 Nf8 24. Rg3 Rb8 25. Ba3 Bb6 26. b4 cxb4 27. Bxb4 c5 28. Be1
Reb7 29. Rb1 Bd8 30. Rxb7 Rxb7 31. Nf3 Ng6 32. Qd2 Rb1 33. h3 Qb7 34. a4 Rb2
35. Qc1 Rb1 36. Qd2 Qb2 37. Qxb2 Rxb2 38. Bd2 Ra2 39. a5 Bxa5 0-1

[Event "II Open Monte Sabotino"]
[Site "Torino ITA"]
[Date "2012.11.20"]
[Round "3"]
[White "Vittoria, Giuseppe"]
[Black "Barbonese, Roberto"]
[WhiteElo "1634"]
[BlackElo "1299"]
[Result "0-1"]
[PlyCount "68"]
[EventDate "2012.11.06"]

1. e4 e5 2. Nf3 d6 3. Bc4 h6 4. c3 Nf6 5. d3 Bg4 6. Nbd2 Nbd7 7. Qb3 d5 8. exd5
Nc5 9. Qb5+ Bd7 10. Qb4 Nxd3+ 11. Bxd3 Bxb4 12. cxb4 Nxd5 13. Be4 Nxb4 14. a3
Nc6 15. O-O Qe7 16. Re1 O-O 17. Bd5 Rae8 18. b4 Qd6 19. Bb3 Nd4 20. Nxd4 Qxd4
21. Rb1 Be6 22. Bc2 Qc3 23. Re3 Qxc2 24. Re1 Rd8 25. Rb2 Qc3 26. Rd1 e4 27. Rf1
e3 28. Ne4 Qxa3 29. Rb1 Qd3 30. Nf6+ gxf6 31. Bxe3 Bc4 32. Bxh6 Rfe8 33. Be3
Rxe3 34. fxe3 Qxe3+ 0-1